000 00320nam a22001457a 4500
008 231004b ||||| |||| 00| 0 eng d
020 _a9780198547990
041 _aeng
080 _a521
082 _a521WOL
100 _a19
101 _aASTRO
245 _aTHE TRIUMPH PF THE EMBRYO
_cWOLPERT.L
942 _2udc
_cBK
999 _c60417
_d60417